00578 2200217 4500001002100000005001500021035002000036007000300056008004100059020002000100082001000120084001600130100002200146245008700168250001000255260003900265300002500304650001000329990001000339990001100349INLIS00000000000030920170920093601 a0010-0917000295ta170920 f 0 ind  a978-979-25-4840 a297.4 a297.4 JAF o0 aJafar, Tarmizi M.1 aOtoritas Sunnah Non-Tasyri'iyyah Menurut Yusuf Al-Qaradhawi /cDr. Tarmizi M.Jafar aCet.2 aYogyakarta :bAr Ruzz Media,c2014 a536hlm ;c14 x 21 cm aFiqih a15448 a15448a